Departamento de Imprensa relatório e balanço geral exercício de 1957 apresentado ao Exmo. Sr. Secretario do Interior e Justiça pelo Sr. Diretor Geral do Departamento de Imprensa Oficial do estado em 15 de fevereiro de 1958 (Registro n. 526)

Detalhes MARC
000 -LÍDER
campo de controle de tamanho fixo 00961nam a22001937a 4500
003 - IDENTIFICADOR DO NÚMERO DE CONTROLE
campo de controle BR-ViAPE
005 - DATA E HORÁRIO DA ÚLTIMA TRANSAÇÃO
campo de controle 20260417160921.0
008 - CAMPO DE DADOS FIXOS--INFORMAÇÃO GERAL
campo de controle de tamanho fixo 260417s1958 por gs||||s000 0 por d
040 ## - FONTE DA CATALOGAÇÃO
Instituição que transcreveu o registro BR-ViAPE
110 ## - ENTRADA PRINCIPAL--NOME CORPORATIVO
Nome corporativo ou nome da jurisdição Espírito Santo
Unidade subordinada Estado
245 ## - TÍTULO
Título Departamento de Imprensa relatório e balanço geral exercício de 1957 apresentado ao Exmo. Sr. Secretario do Interior e Justiça pelo Sr. Diretor Geral do Departamento de Imprensa Oficial do estado em 15 de fevereiro de 1958
260 ## - PUBLICAÇÃO, DISTRIBUIÇÃO, ETC.
Local de publicação, distribuição, etc. Vitória
Nome do editor, distribuidor, etc. [s.n.]
Data da publicação, distribuição, etc. 1958
300 ## - DESCRIÇÃO FÍSICA
Extensão 37 p.
Outros detalhes físicos Documento digitalizado (PDF)
500 ## - NOTA GERAL
Nota geral Documento digitalizado do acervo institucional do Arquivo Público do Estado do Espírito Santo - APEES.
650 ## - ASSUNTO--TERMO TÓPICO
Subdivisão geral Administração pública
Subdivisão geográfica Espírito Santo
651 ## - ASSUNTO—LOCAIS GEOGRÁFICOS E HISTÓRICOS
Nome geográfico Espírito Santo
Subdivisão geral Relatórios governamentais
856 ## - LOCALIZAÇÃO ELETRÔNICA E ACESSO
Uniform Resource Identifier <a href="https://ape.es.gov.br/Media/ape/PDF/Relatorios/1952/relatorio5%20-%20ano%201958.pdf">https://ape.es.gov.br/Media/ape/PDF/Relatorios/1952/relatorio5%20-%20ano%201958.pdf</a>
Texto de ligação CLIQUE AQUI PARA ACESSAR O DOCUMENTO
942 ## - ELEMENTOS DE ENTRADA ADICIONADOS (KOHA)
Fonte da classificação ou esquema de arquivamento na estante Dewey Decimal Classification
Tipo de material Koha Mensagens e Relatórios
Ocultar no OPAC Yes

Nenhum exemplar disponível.